000 00516nam a2200181Ia 4500
003 GCL
008 140319s9999 xx 000 0 ara d
040 _aGCL /
_cGCL
082 0 4 _a811.9
_bم ر
100 1 _aمصطفى عبدالخالق
245 1 0 _aالرحيل /
_cمصطفى عبدالخالق
260 _a[S.N] :
_bدار المستقبل العربى
300 _a153 ص
490 _aاشعار فلسطينية
_v0
650 0 4 _aالشعر العربى
650 0 4 _aفلسطين
942 _2ddc
_cBK
999 _c58161
_d58161